000 00562nam a22002057a 4500
003 MPLRDC
005 20220104201915.0
008 210129b ||||| |||| 00| 0 eng d
020 _a957-545-518-5
082 _a857.62 SBQZ-15 v.11
100 _a松本清张
245 _a卖马的女人
_c钟肇政 译
250 _a再版
260 _a台湾
_b志文出版社
_c1993
300 _b
490 _a新潮推理: 47 --松本清张推理系列之十一
520 _a上架 2017-10-16。
650 _a推理小说
942 _cBK
_o857.62 SBQZ-15 v.11
999 _c67382
_d67372